|
|
|
|
| LEADER |
00000nas a2200000 a 4500 |
| 001 |
ssj0000562016 |
| 003 |
WaSeSS |
| 005 |
20200512172242.0 |
| 006 |
m d |
| 007 |
cr n |
| 008 |
100819c20109999my tx p s a0 a0eng d |
| 010 |
|
|
|a 2011307074
|
| 016 |
7 |
|
|a 2594614-6
|2 DE-600
|
| 022 |
|
|
|l 2180-3250
|y 2180-3250
|
| 035 |
|
|
|a (WaSeSS)ssj0000562016
|
| 037 |
|
|
|b Editorial manager, International journal of China studies, Institute of China Studies, Univ. of Malaya, 50603 Kuala Lumpur, Malaysia
|
| 040 |
|
|
|a SINLB
|b eng
|c SINLB
|d PUL
|d HEBIS
|d DLC
|d OCLCQ
|d DLC
|d CLU
|d DLC
|d WAU
|d HNK
|d OCLCF
|d HLS
|d CNUTO
|d XFH
|d OCLCQ
|d DHA
|d PAU
|d RDF
|d WaSeSS
|
| 041 |
0 |
|
|a eng
|a chi
|
| 042 |
|
|
|a lccopycat
|
| 043 |
|
|
|a a-cc---
|
| 050 |
0 |
0 |
|a DS701
|b .I58
|
| 050 |
1 |
4 |
|a DS701
|b .I684
|
| 082 |
0 |
4 |
|a 951.005
|2 22
|
| 084 |
|
|
|a 053
|
| 222 |
|
0 |
|a International journal of China studies
|
| 245 |
0 |
0 |
|a International journal of China studies
|h [electronic resource].
|
| 246 |
3 |
0 |
|a Journal of China studies
|
| 260 |
|
|
|a Kuala Lumpur :
|b Institute of China Studies, University of Malaysia
|
| 310 |
|
|
|a Three times a year
|
| 362 |
1 |
|
|a Began with vol. 1, no. 1 (Jan. 2010).
|
| 504 |
|
|
|a Includes bibliographical references.
|
| 506 |
|
|
|a License restrictions may limit access.
|
| 515 |
|
|
|a First issue called also "Inaugural issue."
|
| 515 |
|
|
|a Some issues called also "Special issue."
|
| 546 |
|
|
|a In English with some Chinese characters in some bibliographical references.
|
| 588 |
|
|
|a Description based on: Vol. 1, no. 1 (Jan. 2010); title from cover.
|
| 588 |
|
|
|a Latest issue consulted: Vol. 3, no. 3 (Dec. 2012).
|
| 651 |
|
0 |
|a China
|v Periodicals.
|
| 651 |
|
7 |
|a China.
|2 fast
|0 (OCoLC)fst01206073
|
| 655 |
|
0 |
|a Electronic journals.
|
| 710 |
2 |
|
|a Universiti Malaya.
|b Institut Pengajian China.
|
| 850 |
|
|
|a DLC
|
| 856 |
4 |
0 |
|z Full text available from Research Library: 04/01/2011 to present
|u https://search.proquest.com/publication/1316366
|